El hombre ilustrado

Na minha lista:
Detalhes bibliográficos
Autor principal: Bradbury, Ray (Author)
Formato: Livro
Idioma:espanhol
Publicado em: Buenos Aires Minotauro 1961
Edição:2a. ed
Colecção:Colección Ciencia Ficción, 4
Assuntos:
Tags: Adicionar Tag
Sem tags, seja o primeiro a adicionar uma tag!

MARC

LEADER 00000nam a2200000 a 4500
001 UCV8046
003 CL-VaPUC
008 900423e19610000AG |||||||||||||||||spa|d
082 0 4 |a 813  |b BRA  |2 21 
100 0 |a Bradbury, Ray  |e author  |9 302131 
245 1 3 |a El hombre ilustrado 
250 |a 2a. ed 
300 |a 269 p 
942 |c BK 
945 |d 19900423 00:00:00 
260 |a Buenos Aires  |b Minotauro  |c 1961 
650 7 |a NOVELAS DE CIENCIA FICCION ESTADOUNIDENSES  |2 CL-VaPUC  |9 265974 
583 |a last modification  |c 19900423 00:00:00  |k Rodrigo Vera 
490 0 |a Colección Ciencia Ficción, 4 
999 |c 213633  |d 213631 
952 |0 0  |1 0  |2 ddc  |4 0  |6 813_000000000000000_BRA_1961  |7 0  |8 P  |8 A  |9 196190  |a BIBARQ  |b BIBARQ  |d 2019-11-14  |i 2641089  |o 813 BRA 1961  |p 2641089  |r 2025-01-20  |w 2019-11-14  |y BK  |k ARQ